Największe miasta w województwie podlaskim zawierające literę - Statystyki

Ogólne statystyki
  • Ten quiz został rozwiązany 123 razy
  • Średni wynik to 21 z 28
Statystyki odpowiedzi
Litera Miasto % Poprawnych
A Białystok
98%
B Białystok
98%
I Białystok
98%
K Białystok
98%
Ł Białystok
98%
O Białystok
98%
S Białystok
98%
T Białystok
98%
Y Białystok
98%
U Suwałki
92%
W Suwałki
92%
G Augustów
85%
Ó Augustów
85%
M Łomża
81%
Ż Łomża
81%
H Hajnówka
73%
N Hajnówka
73%
D Bielsk Podlaski
63%
E Bielsk Podlaski
63%
L Bielsk Podlaski
63%
P Bielsk Podlaski
63%
Z Zambrów
63%
J Grajewo
53%
R Grajewo
53%
Ń Mońki
53%
C Siemiatycze
48%
Ą Dąbrowa Białostocka
30%
Ś Supraśl
26%
Nie znaleziono quizów pasujących do podanych kryteriów
Rozkład punktacji
Procent ludzi z każdym wynikiem
Percentyl według liczby udzielonych odpowiedzi
Twoja historia wyników
Nie rozwiązałeś tego quizu